An introduction to business and industry (Record no. 2535)
[ view plain ]
| 005 - DATE AND TIME OF LATEST TRANSACTION | |
|---|---|
| control field | 20250522144515.0 |
| 020 ## - INTERNATIONAL STANDARD BOOK NUMBER | |
| International Standard Book Number | 0-273-02281-4 |
| 082 ## - DEWEY DECIMAL CLASSIFICATION NUMBER | |
| Classification number | LECT 338.702 OLD |
| 100 ## - MAIN ENTRY--PERSONAL NAME | |
| Author name | OLD, J |
| 245 ## - TITLE STATEMENT | |
| Title | An introduction to business and industry |
| 260 ## - PUBLICATION, DISTRIBUTION, ETC. | |
| Place of publication, distribution, etc. | London, |
| Name of publisher, distributor, etc. | Pitman Publishing Limited, |
| Date of publication, distribution, etc. | 1987, |
| 300 ## - PHYSICAL DESCRIPTION | |
| Extent | viii,339p.: ill.; charts, figure, picture, table. |
| Other physical details | index, |
| Dimensions | 23cm. |
| 700 ## - ADDED ENTRY--PERSONAL NAME | |
| Other authors/Editors | SHAFTO, T. |
| 942 ## - ADDED ENTRY ELEMENTS (KOHA) | |
| Source of classification or shelving scheme | Dewey Decimal Classification |
| Koha item type | Books |
| Date last seen | Total checkouts | Full call number | Barcode | Cost, replacement price | Price effective from | Koha item type | Lost status | Source of classification or shelving scheme | Damaged status | Not for loan | Withdrawn status | Home library | Current library | Shelving location | Date acquired | Cost, normal purchase price |
|---|---|---|---|---|---|---|---|---|---|---|---|---|---|---|---|---|
| 05/22/2025 | LECT 338.702 OLD | 0000009496 | 30000.00 | 05/22/2025 | Books | Dewey Decimal Classification | College of Business Education Main Library | College of Business Education Main Library | General Collection | 01/21/2003 | 10000.00 |
